Ч. 2; Программирование на Бейсике

Bibliographische Detailangaben
Parent link:Программирование на Бейсике: тексты лекций/ А. Д. Солодовников, В. А. Доброхотов; Московский горный институт (МГИ).— , 1988
Sprache:Russisch
Veröffentlicht: 1988
Schlagworte:
Format: MixedMaterials Buch
KOHA link:https://koha.lib.tpu.ru/cgi-bin/koha/opac-detail.pl?biblionumber=264557

MARC

LEADER 00000nam0a2200000 4500
001 264557
005 20231101233836.0
035 |a (RuTPU)RU\TPU\book\287551 
090 |a 264557 
100 |a 20140620d1988 m y0rusy50 ca 
101 0 |a rus 
102 |a RU 
105 |a a z 001zy 
200 0 |a Ч. 2 
210 |d 1988 
215 |a 93 с.  |c ил. 
320 |a Библиогр.: с. 92. 
461 |t Программирование на Бейсике  |o тексты лекций  |f А. Д. Солодовников, В. А. Доброхотов  |g Московский горный институт (МГИ)  |d 1988 
606 1 |a Бейсик,язык  |2 stltpush  |3 (RuTPU)RU\TPU\subj\28162  |9 51751 
610 1 |a языки программирования 
610 1 |a функции 
610 1 |a возможности 
610 1 |a учебные пособия 
610 1 |a лекции 
675 |a 681.3.06:800.92(075.8)  |v 3 
801 1 |a RU  |b 63413507  |c 20140620 
801 2 |a RU  |b 63413507  |c 20150609  |g RCR 
942 |c BK